La codificación y decodificación del Derecho Internacional por los organismos internacionales

Saved in:
書目詳細資料
主要作者: Fernández Illanes, Samuel (Author)
格式: 圖書
語言:西班牙语
出版: Valencia Tirant Lo Blanch 2018
版:1a. ed
叢編:Colección Pensamiento Jurídico Central, 3
主題:
標簽: 添加標簽
沒有標簽, 成為第一個標記此記錄!

MARC

LEADER 00000cam a2200000 a 4500
001 UCC6845
003 CL-VaPUC
008 190111e20180000sp |||||||||||||||||spa|d
020 |a 9788491697510 
082 0 4 |a 340.09  |b FER  |2 21 
100 0 |a Fernández Illanes, Samuel  |e author  |9 601369 
245 1 3 |a La codificación y decodificación del Derecho Internacional por los organismos internacionales 
250 |a 1a. ed 
300 |a 145 p 
942 |c BK 
945 |d 20190111 14:04:00  |a dcastane 
260 |a Valencia  |b Tirant Lo Blanch  |c 2018 
650 0 |a Codificación   |9 258568 
650 0 |a Derecho internacional  |9 255637 
583 |a last modification  |c 20190111 14:04:00  |k Rodrigo Vera 
490 0 |a Colección Pensamiento Jurídico Central, 3 
999 |c 373695  |d 373693 
952 |0 0  |1 0  |3 erb  |4 0  |6 340_090000000000000_FER_2018  |7 0  |8 A  |9 491906  |a BIBDER  |b BIBDER  |i 5528917  |o 340.09 FER 2018  |p 5528917  |r 2023-01-25  |w 2019-11-24  |y BK  |z Catalogado en:20190111  |k DER